000 00709nam a2200205Ii 4500
003 JO-AjNU
008 230605s9999||||xx |||||||||||||| ||und||
017 _a2003/9/1866
040 _aJO-AjNU
_bara
_erda
_cJO-AjNU
041 _aara
050 1 4 _aZ678.9 2010
100 3 _aقندليجي، عامر ابراهيم / م مشارك ايمان السامرائي ,
_eauthor
_930252
245 0 0 _aحوسبة (اتمتة )المكتبات
264 3 1 _aعمان : دار المسيرة للنشر ، 2010
300 _a330ص
336 _atext
_btxt
_2rdacontent
337 _aunmediated
_bn
_2rdamedia
338 _avolume
_bnc
_2rdacarrier
650 4 _aالمكتبات- اتمتة المكتبات
_930253
999 _aA11971
_c15539
_d15539